Movies Quiz

Random Movies or Clickable Quiz
Score 0/20 Timer 10:00
0 Plays Today
% Correct
They are suppose to be out of bed, you blithering idiot!
92.3%
Tell them how you looked him in the eye, a man who trusted you, and killed him!
91.6%
Together.
91.6%
This was the wand of Draco Malfoy.
91.2%
Did he now? Nice job? Easy?
89.7%
The Ravenclaw common room! Gotta start somewhere.
89.7%
It was our Aunt's. We use to come here as kids.
89.3%
Hermione, I can't always help it!
89.3%
It's complicated.
87.7%
That's nothing to go on.
87.7%
% Correct
But what if the wand never belonged to Snape?
87%
I've always wanted to use that spell.
85.1%
Well, Neville, I'm sure we can find a place for you in our ranks.
83.9%
Live a little longer.
83.1%
Tom Riddle.
82.4%
With that, we'd be invincible.
82.4%
Harry's heart did beat for us! For all of us! This is not over!
78.5%
He defiled it with dark magic!
76.6%
Imperio.
70.5%
Stand down, Neville.
57.5%
Remove Ads.
Support Sporcle.
Get the best of Sporcle when you Go Orange. This ad-free experience offers more features, more stats, and more fun while also helping to support Sporcle. Thank you for becoming a member.

You're not logged in!

Compare scores with friends on all Sporcle quizzes.
OR
Log In

Show Comments

Extras

Top Quizzes Today


Score Distribution

Your Account Isn't Verified!

In order to create a playlist on Sporcle, you need to verify the email address you used during registration. Go to your Sporcle Settings to finish the process.

Report this User

Report this user for behavior that violates our Community Guidelines.

Details: